<?xml version="1.0" encoding="UTF-8"?><marc:collection xmlns:marc="http://www.loc.gov/MARC21/slim">
  <marc:record>
    <marc:leader>03924nas a2200613 c 4500</marc:leader>
    <marc:controlfield tag="001">010027394</marc:controlfield>
    <marc:controlfield tag="003">DE-101</marc:controlfield>
    <marc:controlfield tag="005">20250311202319.0</marc:controlfield>
    <marc:controlfield tag="007">tu</marc:controlfield>
    <marc:controlfield tag="008">991118d19611982lu u||p|  ||| 0||||1ger c</marc:controlfield>
    <marc:datafield tag="015" ind1=" " ind2=" ">
      <marc:subfield code="a">99,V01</marc:subfield>
      <marc:subfield code="2">dnb</marc:subfield>
    </marc:datafield>
    <marc:datafield tag="016" ind1="7" ind2=" ">
      <marc:subfield code="2">DE-600</marc:subfield>
      <marc:subfield code="a">2022-9</marc:subfield>
    </marc:datafield>
    <marc:datafield tag="016" ind1="7" ind2=" ">
      <marc:subfield code="2">DE-101</marc:subfield>
      <marc:subfield code="a">010027394</marc:subfield>
    </marc:datafield>
    <marc:datafield tag="035" ind1=" " ind2=" ">
      <marc:subfield code="a">(DE-599)ZDB2022-9</marc:subfield>
    </marc:datafield>
    <marc:datafield tag="035" ind1=" " ind2=" ">
      <marc:subfield code="a">(OCoLC)1367302349</marc:subfield>
    </marc:datafield>
    <marc:datafield tag="040" ind1=" " ind2=" ">
      <marc:subfield code="a">9001</marc:subfield>
      <marc:subfield code="b">ger</marc:subfield>
      <marc:subfield code="c">DE-101</marc:subfield>
      <marc:subfield code="d">9999</marc:subfield>
    </marc:datafield>
    <marc:datafield tag="041" ind1=" " ind2=" ">
      <marc:subfield code="a">ger</marc:subfield>
    </marc:datafield>
    <marc:datafield tag="042" ind1=" " ind2=" ">
      <marc:subfield code="a">zdb</marc:subfield>
    </marc:datafield>
    <marc:datafield tag="044" ind1=" " ind2=" ">
      <marc:subfield code="c">XA-LU</marc:subfield>
    </marc:datafield>
    <marc:datafield tag="082" ind1="7" ind2="4">
      <marc:subfield code="a">330</marc:subfield>
      <marc:subfield code="q">DE-101</marc:subfield>
      <marc:subfield code="2">22sdnb</marc:subfield>
    </marc:datafield>
    <marc:datafield tag="083" ind1="7" ind2=" ">
      <marc:subfield code="a">330</marc:subfield>
      <marc:subfield code="q">DE-600</marc:subfield>
      <marc:subfield code="2">22sdnb</marc:subfield>
    </marc:datafield>
    <marc:datafield tag="084" ind1=" " ind2=" ">
      <marc:subfield code="a">PS 3080</marc:subfield>
      <marc:subfield code="a">PS 3760</marc:subfield>
      <marc:subfield code="2">rvk</marc:subfield>
    </marc:datafield>
    <marc:datafield tag="245" ind1="0" ind2="0">
      <marc:subfield code="a">Finanzbericht</marc:subfield>
      <marc:subfield code="b">für das Jahr ...</marc:subfield>
      <marc:subfield code="c">Europäische Gemeinschaft für Kohle und Stahl, Kommission der Europäischen Gemeinschaften</marc:subfield>
    </marc:datafield>
    <marc:datafield tag="264" ind1="3" ind2="1">
      <marc:subfield code="a">Luxemburg</marc:subfield>
      <marc:subfield code="b">Veröffentlichungsdienste d. Europ. Gemeinschaften</marc:subfield>
      <marc:subfield code="c">1961-1982</marc:subfield>
    </marc:datafield>
    <marc:datafield tag="336" ind1=" " ind2=" ">
      <marc:subfield code="a">Text</marc:subfield>
      <marc:subfield code="b">txt</marc:subfield>
      <marc:subfield code="2">rdacontent</marc:subfield>
    </marc:datafield>
    <marc:datafield tag="337" ind1=" " ind2=" ">
      <marc:subfield code="a">ohne Hilfsmittel zu benutzen</marc:subfield>
      <marc:subfield code="b">n</marc:subfield>
      <marc:subfield code="2">rdamedia</marc:subfield>
    </marc:datafield>
    <marc:datafield tag="338" ind1=" " ind2=" ">
      <marc:subfield code="a">Band</marc:subfield>
      <marc:subfield code="b">nc</marc:subfield>
      <marc:subfield code="2">rdacarrier</marc:subfield>
    </marc:datafield>
    <marc:datafield tag="362" ind1="0" ind2=" ">
      <marc:subfield code="a">6.1960(1961) - 27.1981(1982)</marc:subfield>
    </marc:datafield>
    <marc:datafield tag="363" ind1="0" ind2="0">
      <marc:subfield code="8">1.1\x</marc:subfield>
      <marc:subfield code="a">6</marc:subfield>
      <marc:subfield code="i">1960</marc:subfield>
    </marc:datafield>
    <marc:datafield tag="363" ind1="1" ind2="0">
      <marc:subfield code="8">1.2\x</marc:subfield>
      <marc:subfield code="a">27</marc:subfield>
      <marc:subfield code="i">1981</marc:subfield>
    </marc:datafield>
    <marc:datafield tag="550" ind1=" " ind2=" ">
      <marc:subfield code="a">Urh. 6.1960 - 7.1961: Europäische Gemeinschaft für Kohle und Stahl, Hohe Behörde, Kreditabteilung; 8.1962 - 12.1966: ..., Hohe Behörde</marc:subfield>
    </marc:datafield>
    <marc:datafield tag="591" ind1=" " ind2=" ">
      <marc:subfield code="a">C!188!Kopie(Zählung aus VW)C!16!(Kopie)</marc:subfield>
    </marc:datafield>
    <marc:datafield tag="610" ind1="2" ind2="7">
      <marc:subfield code="0">(DE-588)1003478-X</marc:subfield>
      <marc:subfield code="0">https://d-nb.info/gnd/1003478-X</marc:subfield>
      <marc:subfield code="0">(DE-101)00402074X</marc:subfield>
      <marc:subfield code="a">Europäische Gemeinschaft für Kohle und Stahl</marc:subfield>
      <marc:subfield code="9">rswk-swf</marc:subfield>
      <marc:subfield code="2">gnd</marc:subfield>
    </marc:datafield>
    <marc:datafield tag="650" ind1=" " ind2="7">
      <marc:subfield code="0">(DE-588)4017182-6</marc:subfield>
      <marc:subfield code="0">https://d-nb.info/gnd/4017182-6</marc:subfield>
      <marc:subfield code="0">(DE-101)040171825</marc:subfield>
      <marc:subfield code="a">Finanzierung</marc:subfield>
      <marc:subfield code="9">rswk-swf</marc:subfield>
      <marc:subfield code="2">gnd</marc:subfield>
    </marc:datafield>
    <marc:datafield tag="650" ind1=" " ind2="7">
      <marc:subfield code="0">(DE-588)4128022-2</marc:subfield>
      <marc:subfield code="0">https://d-nb.info/gnd/4128022-2</marc:subfield>
      <marc:subfield code="0">(DE-101)041280229</marc:subfield>
      <marc:subfield code="a">Bericht</marc:subfield>
      <marc:subfield code="9">rswk-swf</marc:subfield>
      <marc:subfield code="2">gnd</marc:subfield>
    </marc:datafield>
    <marc:datafield tag="655" ind1=" " ind2="7">
      <marc:subfield code="0">(DE-588)4067488-5</marc:subfield>
      <marc:subfield code="0">https://d-nb.info/gnd/4067488-5</marc:subfield>
      <marc:subfield code="0">(DE-101)040674886</marc:subfield>
      <marc:subfield code="a">Zeitschrift</marc:subfield>
      <marc:subfield code="2">gnd-content</marc:subfield>
    </marc:datafield>
    <marc:datafield tag="689" ind1="0" ind2="0">
      <marc:subfield code="0">(DE-588)1003478-X</marc:subfield>
      <marc:subfield code="0">https://d-nb.info/gnd/1003478-X</marc:subfield>
      <marc:subfield code="0">(DE-101)00402074X</marc:subfield>
      <marc:subfield code="D">b</marc:subfield>
      <marc:subfield code="a">Europäische Gemeinschaft für Kohle und Stahl</marc:subfield>
    </marc:datafield>
    <marc:datafield tag="689" ind1="0" ind2="1">
      <marc:subfield code="0">(DE-588)4017182-6</marc:subfield>
      <marc:subfield code="0">https://d-nb.info/gnd/4017182-6</marc:subfield>
      <marc:subfield code="0">(DE-101)040171825</marc:subfield>
      <marc:subfield code="D">s</marc:subfield>
      <marc:subfield code="a">Finanzierung</marc:subfield>
    </marc:datafield>
    <marc:datafield tag="689" ind1="0" ind2="2">
      <marc:subfield code="0">(DE-588)4128022-2</marc:subfield>
      <marc:subfield code="0">https://d-nb.info/gnd/4128022-2</marc:subfield>
      <marc:subfield code="0">(DE-101)041280229</marc:subfield>
      <marc:subfield code="D">s</marc:subfield>
      <marc:subfield code="a">Bericht</marc:subfield>
    </marc:datafield>
    <marc:datafield tag="689" ind1="0" ind2=" ">
      <marc:subfield code="5">DE-600</marc:subfield>
      <marc:subfield code="5">DE-600</marc:subfield>
    </marc:datafield>
    <marc:datafield tag="710" ind1="2" ind2=" ">
      <marc:subfield code="0">(DE-588)1003478-X</marc:subfield>
      <marc:subfield code="0">https://d-nb.info/gnd/1003478-X</marc:subfield>
      <marc:subfield code="0">(DE-101)00402074X</marc:subfield>
      <marc:subfield code="a">Europäische Gemeinschaft für Kohle und Stahl</marc:subfield>
      <marc:subfield code="e">Herausgebendes Organ</marc:subfield>
      <marc:subfield code="4">isb</marc:subfield>
      <marc:subfield code="2">gnd</marc:subfield>
    </marc:datafield>
    <marc:datafield tag="710" ind1="2" ind2=" ">
      <marc:subfield code="0">(DE-588)2009700-1</marc:subfield>
      <marc:subfield code="0">https://d-nb.info/gnd/2009700-1</marc:subfield>
      <marc:subfield code="0">(DE-101)00469306X</marc:subfield>
      <marc:subfield code="a">Europäische Gemeinschaft für Kohle und Stahl</marc:subfield>
      <marc:subfield code="b">Hohe Behörde</marc:subfield>
      <marc:subfield code="e">Herausgebendes Organ</marc:subfield>
      <marc:subfield code="4">isb</marc:subfield>
      <marc:subfield code="2">gnd</marc:subfield>
    </marc:datafield>
    <marc:datafield tag="710" ind1="2" ind2=" ">
      <marc:subfield code="0">(DE-588)1024466-9</marc:subfield>
      <marc:subfield code="0">https://d-nb.info/gnd/1024466-9</marc:subfield>
      <marc:subfield code="0">(DE-101)004148738</marc:subfield>
      <marc:subfield code="a">Europäische Kommission</marc:subfield>
      <marc:subfield code="e">Herausgebendes Organ</marc:subfield>
      <marc:subfield code="4">isb</marc:subfield>
      <marc:subfield code="2">gnd</marc:subfield>
    </marc:datafield>
    <marc:datafield tag="710" ind1="2" ind2=" ">
      <marc:subfield code="0">(DE-588)2035712-6</marc:subfield>
      <marc:subfield code="0">https://d-nb.info/gnd/2035712-6</marc:subfield>
      <marc:subfield code="0">(DE-101)004913620</marc:subfield>
      <marc:subfield code="a">Europäische Gemeinschaft für Kohle und Stahl</marc:subfield>
      <marc:subfield code="b">Kreditabteilung</marc:subfield>
      <marc:subfield code="e">Herausgebendes Organ</marc:subfield>
      <marc:subfield code="4">isb</marc:subfield>
      <marc:subfield code="2">gnd</marc:subfield>
    </marc:datafield>
    <marc:datafield tag="775" ind1="0" ind2="8">
      <marc:subfield code="i">Parallele Sprachausgabe</marc:subfield>
      <marc:subfield code="n">Engl. Ausg.</marc:subfield>
      <marc:subfield code="t">Financial report</marc:subfield>
      <marc:subfield code="d">Luxembourg : Publications Dep. of the European Community, 1956-</marc:subfield>
      <marc:subfield code="w">(DE-600)6535-3</marc:subfield>
      <marc:subfield code="w">(DE-101)01008827X</marc:subfield>
    </marc:datafield>
    <marc:datafield tag="775" ind1="0" ind2="8">
      <marc:subfield code="i">Parallele Sprachausgabe</marc:subfield>
      <marc:subfield code="n">Franz. Ausg.</marc:subfield>
      <marc:subfield code="t">Rapport financier</marc:subfield>
      <marc:subfield code="d">Luxembourg : Services des Publications des Communautés Européennes, 1956-</marc:subfield>
      <marc:subfield code="w">(DE-600)443918-1</marc:subfield>
      <marc:subfield code="w">(DE-101)012550493</marc:subfield>
    </marc:datafield>
    <marc:datafield tag="775" ind1="0" ind2="8">
      <marc:subfield code="i">Parallele Sprachausgabe</marc:subfield>
      <marc:subfield code="n">Ital. Ausg.</marc:subfield>
      <marc:subfield code="t">Relazione financiaria</marc:subfield>
      <marc:subfield code="d">Lussemburgo : Servizi Pubblicazioni delle Communità Europee, 1956-</marc:subfield>
      <marc:subfield code="w">(DE-600)443917-X</marc:subfield>
      <marc:subfield code="w">(DE-101)012550485</marc:subfield>
    </marc:datafield>
    <marc:datafield tag="775" ind1="0" ind2="8">
      <marc:subfield code="i">Parallele Sprachausgabe</marc:subfield>
      <marc:subfield code="n">Niederl. Ausg.</marc:subfield>
      <marc:subfield code="t">Financieel verslag</marc:subfield>
      <marc:subfield code="d">Luxemburg : Publikatiediensten van de Europese Gemeenschappen, 1956-</marc:subfield>
      <marc:subfield code="w">(DE-600)443916-8</marc:subfield>
      <marc:subfield code="w">(DE-101)012550477</marc:subfield>
    </marc:datafield>
    <marc:datafield tag="780" ind1="0" ind2="0">
      <marc:subfield code="i">Vorg.:</marc:subfield>
      <marc:subfield code="t">Finanzieller Bericht</marc:subfield>
      <marc:subfield code="d">Luxemburg : Veröffentlichungsdienste d. Europ. Gemeinschaften, 1956-1960</marc:subfield>
      <marc:subfield code="w">(DE-600)786-9</marc:subfield>
      <marc:subfield code="w">(DE-101)010007474</marc:subfield>
    </marc:datafield>
    <marc:datafield tag="785" ind1="0" ind2="0">
      <marc:subfield code="i">Forts.:</marc:subfield>
      <marc:subfield code="a">Europäische Gemeinschaft für Kohle und Stahl</marc:subfield>
      <marc:subfield code="t">EGKS-Finanzbericht</marc:subfield>
      <marc:subfield code="d">Brüssel : [Verlag nicht ermittelbar], 1983-2003</marc:subfield>
      <marc:subfield code="w">(DE-600)92148-8</marc:subfield>
      <marc:subfield code="w">(DE-101)01063584X</marc:subfield>
    </marc:datafield>
    <marc:datafield tag="850" ind1=" " ind2=" ">
      <marc:subfield code="a">DE-101a</marc:subfield>
      <marc:subfield code="a">DE-101b</marc:subfield>
    </marc:datafield>
    <marc:datafield tag="889" ind1=" " ind2=" ">
      <marc:subfield code="w">(DE-101)972566074</marc:subfield>
    </marc:datafield>
    <marc:datafield tag="889" ind1=" " ind2=" ">
      <marc:subfield code="w">(DE-600)2366286-4</marc:subfield>
    </marc:datafield>
    <marc:datafield tag="925" ind1="r" ind2=" ">
      <marc:subfield code="a">rb</marc:subfield>
    </marc:datafield>
  </marc:record>
</marc:collection>
